00289nam a2200109Ia 4500008004100000040001700041041001200058082001800070245003200088260004900120300001000169230917s9999||||xx |||||||||||||| ||und|| e184137aMAIN aEnglish a294.3823 D36D 0aVinayapitake: Pacittiyapali aIgatpuribVipassana Research Institutec1998 av. p.